[Event "Dhaka Zia Memorial"]
[Site "Dhaka"]
[Date "2025.07.10"]
[Round "8"]
[White "Md, Eftekhar Alam"]
[Black "Islam, Khandaker Aminul"]
[Result "0-1"]
[WhiteElo "1999"]
[BlackElo "2186"]
[PlyCount "82"]
[EventDate "2025.07.05"]
[EventType "swiss"]
[EventRounds "9"]
[EventCountry "BAN"]
[SourceTitle "CB29_2025"]
[SourceDate "2025.07.16"]
[SourceVersion "1"]
[SourceVersionDate "2025.07.16"]
[SourceQuality "1"]

1. d4 Nf6 2. c4 e6 3. Nc3 Bb4 4. e3 b6 5. Bd3 Bb7 6. Nf3 Bxc3+ 7. bxc3 d6 8. Qe2 Nbd7 9. e4 e5 10. Bg5 h6 11. Bh4 Qe7 12. 0-0 Qe6 13. Bg3 0-0 14. Nd2 Rfe8 15. Rae1 Qg4 16. f3 Qg6 17. f4 Nh5 18. Rf3 exf4 19. Bxf4 Ndf6 20. Bg3 Qg4 21. Qe3 Qg5 22. Qxg5 hxg5 23. Rf5 Nxg3 24. hxg3 Nh7 25. c5 g6 26. Rf2 Re7 27. cxd6 cxd6 28. a4 Kg7 29. a5 bxa5 30. Ra1 Nf6 31. Re2 Rae8 32. Rxa5 Bxe4 33. Bb5 Rc8 34. c4 Rcc7 35. Ra6 Bd3 36. Rxe7 Rxe7 37. Nf3 g4 38. Nd2 Re2 39. Nb3 Rb2 40. Na5 Ne4 41. Bc6 Rb1+ 0-1

[Event "Dhaka Zia Memorial"]
[Site "Dhaka"]
[Date "2025.07.07"]
[Round "4"]
[White "Mohammad, Minhaz Uddin"]
[Black "Md, Eftekhar Alam"]
[Result "1/2-1/2"]
[WhiteElo "2267"]
[BlackElo "1999"]
[PlyCount "151"]
[EventDate "2025.07.05"]
[EventType "swiss"]
[EventRounds "9"]
[EventCountry "BAN"]
[SourceTitle "CB29_2025"]
[SourceDate "2025.07.16"]
[SourceVersion "1"]
[SourceVersionDate "2025.07.16"]
[SourceQuality "1"]

1. e4 e6 2. d4 d5 3. Nd2 c5 4. dxc5 Bxc5 5. Bd3 Nc6 6. Ngf3 Nf6 7. Qe2 Qc7 8. 0-0 0-0 9. e5 Ng4 10. Bxh7+ Kxh7 11. Ng5+ Kg8 12. Qxg4 Qxe5 13. Qh5 Qf5 14. g4 Qg6 15. Qxg6 fxg6 16. Nb3 Bb6 17. Be3 Bd8 18. Rae1 b6 19. f3 e5 20. c3 d4 21. cxd4 exd4 22. Bd2 Bxg5 23. Bxg5 Ba6 24. Rf2 Bc4 25. Rc1 Bd5 26. f4 Rfe8 27. Rd1 Be6 28. f5 gxf5 29. gxf5 Bd5 30. f6 Re4 31. h4 Rf8 32. Rg2 Rfe8 33. Rf1 Re2 34. Rg3 gxf6 35. Bxf6+ Kh7 36. Nc1 Re1 37. Rg7+ Kh6 38. Rd7 Rxf1+ 39. Kxf1 Bc4+ 40. Kg2 Kh5 41. b3 Ba6 42. Kg3 Re1 43. Bg5 Re6 44. Rh7+ Kg6 45. Rh6+ Kf5 46. Rxe6 Kxe6 47. Kf4 Bf1 48. h5 Bh3 49. Ne2 Bf5 50. Ng3 Bh7 51. Kf3 Kd5 52. Ke2 Ne5 53. Bf4 Nc6 54. Kd2 Nb4 55. h6 Nxa2 56. Nh5 Ke6 57. Bb8 Nc3 58. Bxa7 Nd5 59. Bb8 Kf5 60. Ng7+ Kg6 61. Ne6 Kxh6 62. Nxd4 Kg5 63. Be5 Bf5 64. Bg3 Be4 65. Be5 Bf5 66. Kc1 Be4 67. Kb2 Kg6 68. Ka3 Kf7 69. Ka4 Bd3 70. Bg3 Ke8 71. Nc6 Bf1 72. Ne5 Kd8 73. Nc4 Bxc4 74. bxc4 Ne3 75. Kb4 Nxc4 76. Kxc4 1/2-1/2

[Event "Dhaka Elegant Chess Academy 1st"]
[Site "Dhaka"]
[Date "2024.07.16"]
[Round "6.1"]
[White "Bhosale, Shriraj"]
[Black "Md, Eftekhar Alam"]
[Result "1-0"]
[WhiteElo "2056"]
[BlackElo "2006"]
[PlyCount "76"]
[EventDate "2024.07.11"]
[EventType "team-tourn"]
[EventRounds "11"]
[EventCountry "BAN"]
[SourceTitle "EXT 2025"]
[Source "ChessBase"]
[SourceDate "2024.10.14"]
[SourceVersion "1"]
[SourceVersionDate "2024.10.14"]
[SourceQuality "1"]
[WhiteTeam "Sports Bangla"]
[BlackTeam "Khelagaor Daba SSangha"]
[WhiteTeamCountry "BAN"]
[BlackTeamCountry "BAN"]

1. Nf3 d5 2. g3 c6 3. Bg2 Bf5 4. d3 Nf6 5. Nh4 Bg6 6. 0-0 e6 7. b3 Nbd7 8. Bb2 Be7 9. Nd2 0-0 10. Nxg6 hxg6 11. e4 dxe4 12. dxe4 e5 13. Qe2 Qc7 14. Rfd1 Rfe8 15. a4 Rad8 16. h4 Nc5 17. Nc4 Rxd1+ 18. Rxd1 Bf8 19. f3 Nh5 20. Kh2 f5 21. exf5 e4 22. f4 Nxf4 23. gxf4 Qxf4+ 24. Kg1 gxf5 25. Qh5 Re6 26. Rf1 Rh6 27. Qxf5 Qxf5 28. Rf2 Qf4 29. Rxf4 Rxh4 30. Rf5 b6 31. Bd4 Rh6 32. Bf2 g6 33. a5 Be7 34. Rg5 b5 35. Rg4 Nb7 36. Nd2 Nc5 37. Be3 g5 38. Rxe4 Nxe4 1-0

[Event "Dhaka Elegant Chess Academy 1st"]
[Site "Dhaka"]
[Date "2024.07.14"]
[Round "4.1"]
[White "Md Abu, Hanif"]
[Black "Md, Eftekhar Alam"]
[Result "0-1"]
[WhiteElo "2054"]
[BlackElo "2006"]
[PlyCount "112"]
[EventDate "2024.07.11"]
[EventType "team-tourn"]
[EventRounds "11"]
[EventCountry "BAN"]
[SourceTitle "EXT 2025"]
[Source "ChessBase"]
[SourceDate "2024.10.14"]
[SourceVersion "1"]
[SourceVersionDate "2024.10.14"]
[SourceQuality "1"]
[WhiteTeam "Sadharan Bima Corporation"]
[BlackTeam "Khelagaor Daba SSangha"]
[WhiteTeamCountry "BAN"]
[BlackTeamCountry "BAN"]

1. c4 c5 2. Nc3 Nc6 3. g3 g6 4. Bg2 Bg7 5. Nf3 e6 6. 0-0 Nge7 7. e3 0-0 8. d4 cxd4 9. exd4 d5 10. c5 Nf5 11. Ne2 b6 12. g4 Nh4 13. cxb6 Nxf3+ 14. Bxf3 Qxb6 15. Be3 Ba6 16. Qd2 Rab8 17. b3 Bxe2 18. Bxe2 Nxd4 19. Kg2 Qb4 20. Qxb4 Rxb4 21. Bd3 Nb5 22. Rac1 d4 23. Bd2 Nc3 24. Bxc3 dxc3 25. Bc4 Rd8 26. Rfd1 Rbb8 27. Kf3 Kf8 28. Ke4 Ke7 29. g5 Rxd1 30. Rxd1 h6 31. h4 Rd8 32. Be2 hxg5 33. hxg5 Rc8 34. Bd3 Rc5 35. f4 Rc8 36. Rh1 Rd8 37. Ke3 Bd4+ 38. Ke2 Bc5 39. Rc1 Bd4 40. Rh1 Bb6 41. Rh3 Rd4 42. Rf3 Kd6 43. a3 a5 44. Kd1 Bc7 45. Ke2 Kc6 46. Ke3 Bb6 47. Ke2 Bc5 48. a4 Kd6 49. Rf1 Kd5 50. Rf3 Bd6 51. Ke3 Rb4 52. Bc2 Rb8 53. Rh3 Kc5 54. Rh4 Rb4 55. Be4 Rxb3 56. Rh7 Rb4 0-1

[Event "Dhaka Elegant Chess Academy 1st"]
[Site "Dhaka"]
[Date "2024.07.13"]
[Round "3.1"]
[White "Md, Eftekhar Alam"]
[Black "Choudhury, Zahid"]
[Result "1-0"]
[WhiteElo "2006"]
[BlackElo "1838"]
[PlyCount "71"]
[EventDate "2024.07.11"]
[EventType "team-tourn"]
[EventRounds "11"]
[EventCountry "BAN"]
[SourceTitle "EXT 2025"]
[Source "ChessBase"]
[SourceDate "2024.10.14"]
[SourceVersion "1"]
[SourceVersionDate "2024.10.14"]
[SourceQuality "1"]
[WhiteTeam "Khelagaor Daba SSangha"]
[BlackTeam "Bashir Memorial"]
[WhiteTeamCountry "BAN"]
[BlackTeamCountry "BAN"]

1. d4 d5 2. c4 e6 3. Nc3 Nf6 4. Nf3 Be7 5. e3 0-0 6. Bd3 dxc4 7. Bxc4 c5 8. 0-0 Nc6 9. b3 cxd4 10. exd4 Nb4 11. Bb2 b6 12. Ne5 Bb7 13. Ne2 Rc8 14. Ng3 Nbd5 15. Qd2 Bb4 16. Qg5 h6 17. Qh4 Be7 18. Ne4 Rc7 19. Nxf6+ Nxf6 20. Rad1 Qa8 21. f3 Ne4 22. Qe1 Nf6 23. Bd3 Rd8 24. Kh1 Bd5 25. Bc1 Bb7 26. Bb1 a5 27. Qg3 Nh5 28. Qh3 Nf6 29. Bxh6 gxh6 30. Qg3+ Kf8 31. Ng6+ fxg6 32. Qxc7 Nd5 33. Qe5 Kf7 34. Rde1 Bc8 35. Qg3 Rg8 36. Be4 1-0

[Event "BAN-chB 47th"]
[Site "Dhaka"]
[Date "2022.10.30"]
[Round "4"]
[White "Md Abu, Hanif"]
[Black "Md, Eftekhar Alam"]
[Result "1-0"]
[WhiteElo "2054"]
[BlackElo "1808"]
[PlyCount "49"]
[EventDate "2022.10.27"]
[EventType "swiss"]
[EventRounds "11"]
[EventCountry "BAN"]
[SourceTitle "EXT 2024"]
[Source "ChessBase"]
[SourceDate "2023.10.10"]
[SourceVersion "1"]
[SourceVersionDate "2023.10.10"]
[SourceQuality "1"]

1. c4 c5 2. g3 Nc6 3. Bg2 g6 4. Nc3 Bg7 5. e3 e6 6. Nge2 Nge7 7. 0-0 0-0 8. Rb1 d5 9. cxd5 Nxd5 10. a3 a6 11. Qc2 b6 12. b4 c4 13. b5 Ne5 14. Nd4 Bb7 15. f4 Nd3 16. Nce2 Qc7 17. Bb2 a5 18. Ba1 Rac8 19. Nc1 e5 20. Nc6 Bxc6 21. bxc6 Ne7 22. Nxd3 cxd3 23. Qxd3 Rfd8 24. Qc2 Nxc6 25. Rfe1 1-0